Poland or not? (Slideshow) Quiz Stats

 Plays Quiz not verified by Sporcle

Score 0/20 Timer 04:00
0 Plays Today
% Correct
Kraków, Poland
92.1%
Warsaw, Poland
88.8%
Toruń, Poland
85.4%
Białowieża National Park, Poland
79.8%
Mavrovo Lake, Macedonia
75.3%
Baranavichy, Belarus
74.2%
Jawor, Poland
71.3%
Brno, Czechia
66.9%
Nida, Lithuania
66.3%
Zamość, Poland
65.7%
% Correct
Słowiński National Park, Poland
62.4%
Zagreb, Croatia
61.2%
Lviv, Ukraine
59%
Gdańsk, Poland
54.5%
Kwiatoń, Poland
44.4%
Görlitz, Germany
44.4%
Moscow, Russia
33.7%
Riga, Latvia
32%
Lenzburg, Switzerland
30.9%
KZ Dachau, Germany
30.3%

You're not logged in!

Compare scores with friends on all Sporcle quizzes.
OR
Log In

Sporcle TV

Today on Sporcle TV


Watch our educational content, quiz creation guides, and fun videos on Sporcle TV.

Show Comments

Extras

Top Quizzes Today


Score Distribution

Your Account Isn't Verified!

In order to create a playlist on Sporcle, you need to verify the email address you used during registration. Go to your Sporcle Settings to finish the process.

Report this User

Report this user for behavior that violates our Community Guidelines.

Details: